U. S. Department of Labor. Bureau of Labor Statistics. Royal Meeker, Commissioner. Wages and regularity of employment in the cloak, suit, and skirt Industry with plans for apprenticeship for cutters and the education of workers in the industry.

Bibliographic Details
Corporate Authors: United States. Bureau of Labor Statistics, ProQuest (Firm)
Format: Government Document eBook
Language:English
Published: Washington : [publisher not identified], 1914.
Series:United States congressional serial set.
Subjects:
Online Access:Connect to the full text of this electronic book

MARC

Tag First Indicator Second Indicator Subfields
LEADER 00000cam a22000001a 4500
001 in00002800607
005 20190331181530.0
006 m o d
007 cr bn mmmapmmp
008 091229s1914 dcud o f000 0 eng d
035 |a cis2004333506 
040 |a UMI  |c UMI  |d UtOrBLW 
043 |a n-us--- 
086 0 |a L 2.3:147 
099 |a ProQuest Serial Set Number 6716 H.doc.940 
110 1 |a United States.  |b Bureau of Labor Statistics. 
245 1 0 |a U. S. Department of Labor. Bureau of Labor Statistics. Royal Meeker, Commissioner. Wages and regularity of employment in the cloak, suit, and skirt Industry with plans for apprenticeship for cutters and the education of workers in the industry. 
246 1 |a Labor Statistics Bureau bulletin 147; Wages and regularity of employment in cloak, suit, and skirt industry, with plans for apprenticeship for cutters and education of workers in industry 
264 1 |a Washington :  |b [publisher not identified],  |c 1914. 
300 |a 1 online resource. 
336 |a text  |b txt  |2 rdacontent 
337 |a computer  |b c  |2 rdamedia 
338 |a online resource  |b cr  |2 rdacarrier 
490 0 |a H.doc.940 
500 |a Record is based on bibliographic data in ProQuest U.S. Serial Set Digital Collection (last viewed Dec. 2009). Reuse except for individual research requires license from ProQuest, LLC. 
510 3 |a ProQuest U.S. Serial Set Digital Collection 
500 |a Electronic resource. 
610 1 0 |a United States.  |b Bureau of Labor Statistics. 
650 0 |a Business. 
650 0 |a Education. 
655 7 |a Electronic books.  |2 local 
710 2 |a ProQuest (Firm) 
830 0 |a United States congressional serial set. 
856 4 0 |u http://proxy.library.tamu.edu/login?url=http://congressional.proquest.com/congcomp/getdoc?SERIAL-SET-ID=6716+H.doc.940  |z Connect to the full text of this electronic book  |t 0 
999 |a MARS 
999 f f |s 85b6202e-7657-39bb-858b-4ccceb18b0fd  |i 7463f749-28cb-3476-9dd7-af4dbe863af5  |t 0 
952 f f |a Texas A&M University  |b College Station  |c Electronic Resources  |d Available Online  |t 0  |e ProQuest Serial Set Number 6716 H.doc.940  |h Other scheme 
998 f f |a ProQuest Serial Set Number 6716 H.doc.940  |t 0  |l Available Online